[Event "Women's World Rapid Championship 2012"]
[Site "Batumi GEO"]
[Date "2012.06.02"]
[Round "9.21"]
[White "Khukhashvili, Sopiko"]
[Black "Lomineishvili, Maia"]
[Result "1-0"]
[WhiteTitle "IM"]
[BlackTitle "IM"]
[WhiteElo "2414"]
[BlackElo "2366"]
[WhiteFideId "13602055"]
[BlackFideId "13600656"]
[EventDate "2012.05.31"]

1. e4 c6 2. Ne2 d5 3. e5 g6 4. d4 Bg7 5. Ng3 h5 6. h4 Nh6 7. Bd3 c5 8. c3 Nc6 9.
Be3 Ng4 10. a3 Qb6 11. Ra2 Bd7 12. Be2 c4 13. Nd2 Na5 14. Bf3 Be6 15. Ne2 Nxe3
16. fxe3 Bh6 17. Nf4 Bxf4 18. exf4 O-O-O 19. O-O Bf5 20. Re1 Kb8 21. Qe2 e6 22.
Qf2 Rc8 23. Bd1 Rc7 24. Kh2 Rhc8 25. Nf3 Nb3 26. Bc2 Bxc2 27. Qxc2 Rc6 28. Nd2
Nxd4 29. cxd4 Qxd4 30. Rf1 c3 31. bxc3 Rxc3 32. Qb2 Qa4 33. Qb4 Qa6 34. Rb1 R3c6
35. Rab2 R6c7 36. Nf3 Qd3 37. Nd4 Qe3 38. Rf1 b6 39. Rb3 Qe4 40. Nb5 Qxb4 41.
axb4 Rc2 42. Rff3 a6 43. Nd6 R8c7 44. Ra3 Rb2 45. Rxa6 Rcc2 46. Rxb6+ Kc7 47.
Rb7+ Kc6 48. b5+ Kc5 49. Rc7+ Kb6 50. Rxc2 Rxc2 51. Nxf7 d4 52. Rd3 Kc5 53. Nd6
Rb2 54. Kh3 Kd5 55. Kg3 Rb4 56. Kf3 Rb1 57. g3 Rb2 58. Ra3 Rc2 59. b6 Kc6 60. b7
Rb2 61. Ke4 1-0

[Event "Women's World Rapid Championship 2012"]
[Site "Batumi GEO"]
[Date "2012.06.02"]
[Round "9.22"]
[White "Purtseladze, Maka"]
[Black "Gurieli, Nino"]
[Result "1-0"]
[WhiteTitle "IM"]
[BlackTitle "IM"]
[WhiteElo "2348"]
[BlackElo "2329"]
[WhiteFideId "13602659"]
[BlackFideId "13600222"]
[EventDate "2012.05.31"]

1. d4 d6 2. Nf3 Bg4 3. e4 Nf6 4. h3 Bh5 5. Bd3 Nc6 6. c3 Bxf3 7. gxf3 e5 8. Be3
Be7 9. d5 Nb8 10. f4 exf4 11. Bxf4 Nbd7 12. Nd2 g6 13. Be2 h5 14. Qc2 h4 15.
O-O-O Nh5 16. Bh2 Bg5 17. Bxh5 Rxh5 18. f4 Bh6 19. e5 Nb6 20. Kb1 Kf8 21. c4 Rf5
22. Rhf1 Qd7 23. Nf3 Rh5 24. f5 Qxf5 25. Qxf5 Rxf5 26. exd6 cxd6 27. Bxd6+ Kg8
28. b3 a5 29. a4 Rc8 30. Ne5 Bf4 31. Rxf4 Rxf4 32. Nxg6 Rf3 33. Ne7+ Kh7 34.
Nxc8 Nxc8 35. Bc7 Rxb3+ 36. Kc2 Rb4 37. Kc3 Rxa4 38. c5 Ra3+ 39. Kb2 Rxh3 40. d6
Na7 41. d7 Nc6 42. Rd6 Rh2+ 43. Kc3 Rh3+ 44. Kd2 a4 45. Rxc6 bxc6 46. d8=Q a3
47. Qf6 1-0

[Event "Women's World Rapid Championship 2012"]
[Site "Batumi GEO"]
[Date "2012.06.02"]
[Round "9.23"]
[White "Klinova, Masha"]
[Black "Janjghava, Natia"]
[Result "0-1"]
[WhiteTitle "IM"]
[BlackTitle "WIM"]
[WhiteElo "2318"]
[BlackElo "2306"]
[WhiteFideId "2802015"]
[BlackFideId "13600389"]
[EventDate "2012.05.31"]

1. e4 c5 2. Nf3 e6 3. c4 Nc6 4. Nc3 Nd4 5. Nxd4 cxd4 6. Ne2 e5 7. d3 Bb4+ 8. Bd2
Qa5 9. a3 Bxd2+ 10. Qxd2 Qxd2+ 11. Kxd2 Nf6 12. Ng3 g6 13. c5 d6 14. cxd6 Kd7
15. Be2 Kxd6 16. Rhc1 Be6 17. Bd1 Rhc8 18. f4 exf4 19. Ne2 Ke5 20. Ng1 Bg4 21.
Bxg4 Nxg4 22. Nf3+ Kf6 23. Nxd4 Nxh2 24. Rh1 Ng4 25. Rxh7 Rd8 26. Nf3 g5 27. Rh5
Nf2 28. e5+ Ke7 29. Ke2 Nxd3 30. Rxg5 Rac8 31. Rd1 Rc2+ 32. Rd2 Nc1+ 33. Kd1
Rcxd2+ 34. Kxc1 Rf2 35. Rg4 Rc8+ 36. Kd1 Rcc2 37. Rxf4 Rxb2 38. Re4 Rb1# 0-1

[Event "Women's World Rapid Championship 2012"]
[Site "Batumi GEO"]
[Date "2012.06.02"]
[Round "9.24"]
[White "Charkhalashvili, Inga"]
[Black "Umudova, Nargiz"]
[Result "1-0"]
[WhiteTitle "WGM"]
[BlackTitle "WIM"]
[WhiteElo "2334"]
[BlackElo "2231"]
[WhiteFideId "13601431"]
[BlackFideId "13402137"]
[EventDate "2012.05.31"]

1. d4 Nf6 2. c4 c5 3. d5 b5 4. cxb5 a6 5. bxa6 Bxa6 6. Nc3 d6 7. g3 g6 8. Bg2
Bg7 9. Nf3 O-O 10. O-O Nbd7 11. Re1 Nb6 12. e4 Nfd7 13. Qc2 Qc7 14. Bg5 Rfe8 15.
Rab1 c4 16. Be3 Nc5 17. Bxc5 Qxc5 18. Ne2 Rec8 19. Qd2 Bb5 20. a3 Na4 21. Nfd4
Bd7 22. Rec1 Qa7 23. Nc6 Bxc6 24. dxc6 Nb6 25. Nd4 Qa4 26. Bf3 e5 27. Nc2 Qxc6
28. Nb4 Qc5 29. Rd1 c3 30. bxc3 Qxc3 31. Bg4 Qxd2 32. Rxd2 Rc4 33. Rxd6 Na4 34.
Be2 Rc5 35. Rbd1 Rcc8 36. Bg4 Rf8 37. Rc6 f5 38. Bf3 Rac8 39. exf5 gxf5 40. Bd5+
Kh8 41. Rxc8 Rxc8 42. Be6 Rf8 43. Nd5 Nc5 44. Nc7 e4 45. Rd5 Nd3 46. Bxf5 Bh6
47. Ne6 Re8 48. Rd7 Bc1 49. Rxh7+ Kg8 50. Ra7 Ne5 51. Bxe4 Nf7 52. Bd5 Rc8 53.
Nf4 Rf8 54. Ng6 1-0

[Event "Women's World Rapid Championship 2012"]
[Site "Batumi GEO"]
[Date "2012.06.03"]
[Round "10.3"]
[White "Dzagnidze, Nana"]
[Black "Koneru, Humpy"]
[Result "1/2-1/2"]
[WhiteTitle "GM"]
[BlackTitle "GM"]
[WhiteElo "2547"]
[BlackElo "2589"]
[WhiteFideId "13601903"]
[BlackFideId "5008123"]
[EventDate "2012.05.31"]

1. Nf3 Nf6 2. g3 b5 3. Bg2 Bb7 4. O-O e6 5. b3 Be7 6. Bb2 O-O 7. d3 d5 8. Nbd2
c5 9. Re1 Nc6 10. e4 d4 11. a3 e5 12. Nh4 g6 13. Bc1 Ne8 14. Ndf3 Nd6 15. Bh6
Re8 16. Bh3 Bf8 17. Qd2 Bg7 18. a4 a6 19. axb5 axb5 20. Rxa8 Bxa8 21. Ra1 Bb7
22. Ng2 f5 23. exf5 gxf5 24. Nfh4 Qf6 25. Bxg7 Kxg7 26. f3 Kh8 27. Qf2 Rf8 28.
Qe2 e4 29. Nf4 e3 30. Bg2 Nf7 31. Nd5 Qh6 32. f4 Nd6 33. Nf3 b4 34. Ne5 Qe6 35.
Nc7 Qc8 36. Nd5 Qe6 37. Nc7 Qc8 38. Nd5 Nxe5 39. fxe5 Nf7 40. Ra7 Qb8 41. Rxb7
Qxb7 42. e6 Nd6 43. Qh5 Qg7 44. Bf3 Qg6 45. e7 Re8 46. Qh4 Qe6 47. Bh5 e2 48.
Bxe2 Qxe2 49. Qf6+ Kg8 50. Qg5+ Kf7 51. Qf6+ Kg8 52. Qg5+ Kf7 53. Qf6+ Kg8 1/2-1/2

[Event "Women's World Rapid Championship 2012"]
[Site "Batumi GEO"]
[Date "2012.06.03"]
[Round "10.4"]
[White "Harika, Dronavalli"]
[Black "Khurtsidze, Nino"]
[Result "1-0"]
[WhiteTitle "GM"]
[BlackTitle "IM"]
[WhiteElo "2508"]
[BlackElo "2456"]
[WhiteFideId "5015197"]
[BlackFideId "13600320"]
[EventDate "2012.05.31"]

1. c4 Nf6 2. g3 e6 3. Bg2 d5 4. Nf3 d4 5. O-O c5 6. e3 Nc6 7. exd4 cxd4 8. d3
Bd6 9. a3 a5 10. Bg5 h6 11. Bxf6 Qxf6 12. Nbd2 Qd8 13. Re1 O-O 14. Rc1 e5 15. c5
Bc7 16. Nc4 Re8 17. Nfd2 f5 18. Nb6 Bxb6 19. cxb6 Bd7 20. Nc4 Qf6 21. Qd2 a4 22.
Qe2 Re7 23. Bd5+ Kh7 24. Qf3 Rae8 25. Nd2 Nd8 26. Rc7 Bc6 27. Rxe7 Rxe7 28. Bxc6
Nxc6 29. Qd5 Qg6 30. Nf3 Qf6 31. Nd2 Qg6 32. Kg2 e4 33. dxe4 Qf6 34. Nf3 fxe4
35. Rxe4 Rxe4 36. Qxe4+ Kg8 37. Qe8+ Kh7 38. Qe4+ Qg6 39. Nd2 Qxe4+ 40. Nxe4 Ne5
41. Nc5 d3 42. Kf1 Nc4 43. Nxd3 Nxb6 44. Nc5 Kg6 45. Ke2 Kf5 46. f3 Ke5 47. Nxb7
Nc4 48. Nc5 Nb6 49. Kd3 Kd5 50. Ne4 g5 51. Nc3+ Ke5 52. Ne2 Kd5 53. Nc3+ Ke5 54.
Ne4 Kd5 55. Nf6+ Ke5 56. Ng4+ Kd5 57. Nxh6 Nc4 58. Kc3 Ne5 59. f4 gxf4 60. gxf4
Nf3 61. h3 Ng1 62. f5 1-0

[Event "Women's World Rapid Championship 2012"]
[Site "Batumi GEO"]
[Date "2012.06.03"]
[Round "10.5"]
[White "Huang, Qian"]
[Black "Javakhishvili, Lela"]
[Result "1/2-1/2"]
[WhiteTitle "WGM"]
[BlackTitle "IM"]
[WhiteElo "2417"]
[BlackElo "2449"]
[WhiteFideId "8602689"]
[BlackFideId "13601458"]
[EventDate "2012.05.31"]

1. c4 e5 2. Nc3 Nf6 3. Nf3 Nc6 4. d4 exd4 5. Nxd4 Bb4 6. g3 Ne4 7. Qd3 Nxc3 8.
bxc3 Be7 9. Nf5 O-O 10. Nxe7+ Qxe7 11. Bg2 d6 12. O-O Be6 13. c5 dxc5 14. Qb5
Rab8 15. Be3 a6 16. Qxc5 Qxc5 17. Bxc5 Rfd8 18. Be3 Bc4 19. Rfe1 Ne7 20. Bf4 Nd5
21. Bxd5 Rxd5 22. Bxc7 Re8 23. e4 Rd3 24. Ba5 Re5 25. Bb6 f5 26. exf5 Rxe1+ 27.
Rxe1 Rxc3 28. a4 Rf3 29. Re5 Bd3 30. Re7 Rxf5 31. Rxb7 Be4 32. Ra7 Bf3 33. h3
Rd5 34. g4 Be2 35. Re7 Bd1 36. a5 h5 37. gxh5 Bxh5 38. Kh2 Kf8 39. Rc7 Be2 40.
Kg3 Bb5 41. h4 g6 42. Be3 Rd7 43. Rc5 Bd3 44. Rc6 Kf7 45. Kf4 Bb5 46. Rb6 Bd3
47. Rc6 Bb5 48. Rc5 Bd3 49. Kg5 Kg7 50. Bc1 Rb7 51. Kf4 Rb4+ 52. Kg3 Rb7 53. Bf4
Kf7 54. Rc3 Bf1 55. Be3 Rd7 56. Rc5 Rb7 57. Rc1 Be2 58. Rc2 Bd3 59. Rd2 Rb3 60.
Ra2 Bb5 61. Kf4 Rb4+ 62. Kg3 Ra4 63. Rc2 Rxa5 64. Kf4 Bd3 65. Rc7+ Ke6 66. Rc6+
Kf7 67. Bc5 Ra2 68. Ke5 Re2+ 69. Be3 Rc2 70. Rd6 Bb5 71. Bd4 Re2+ 72. Kd5 Bd3
73. Rf6+ Ke7 74. Rf4 Bc2 75. Bc5+ Ke8 76. Kd6 Re4 77. Rf6 Rxh4 78. Kc7 Rh7+ 79.
Kb6 Rf7 80. Re6+ Kd7 81. Rd6+ Ke8 82. Kxa6 Bf5 83. Kb5 Rd7 84. Rf6 Rd1 85. Kc6
Be4+ 86. Kc7 Rd7+ 87. Kc8 Rd8+ 88. Kc7 Rd7+ 89. Kb6 Rb7+ 90. Ka6 Kd7 91. Rf4 Bg2
92. Rf7+ Kc8 93. Rf8+ Kd7 94. Bb6 Ke6 95. Rg8 Kf7 96. Rh8 Rd7 97. Kb5 Ke6 98.
Bc5 Bf1+ 99. Kb4 Rb7+ 100. Kc3 Rc7 101. Kd4 Rd7+ 102. Ke3 g5 103. Rh6+ Kf5 104.
f3 Bc4 105. Bd4 Re7+ 106. Kf2 Re6 107. Rh7 Ra6 108. Kg3 Bd5 109. Rd7 Ke6 110.
Rd8 Ra3 111. Be3 Bc6 112. Kf2 Ra2+ 113. Kg3 Ra3 114. Kf2 Ke5 1/2-1/2

[Event "Women's World Rapid Championship 2012"]
[Site "Batumi GEO"]
[Date "2012.06.03"]
[Round "10.6"]
[White "Guo, Qi"]
[Black "Tan, Zhongyi"]
[Result "0-1"]
[WhiteTitle "WGM"]
[BlackTitle "WGM"]
[WhiteElo "2360"]
[BlackElo "2430"]
[WhiteFideId "8604002"]
[BlackFideId "8603642"]
[EventDate "2012.05.31"]

1. d4 d6 2. c4 e5 3. Nf3 Nd7 4. Nc3 Ngf6 5. e4 g6 6. Be2 Bg7 7. O-O exd4 8. Nxd4
O-O 9. Re1 Re8 10. Bf1 c6 11. Rb1 Nc5 12. f3 a5 13. Be3 Qe7 14. Qd2 a4 15. Rbd1
Nfd7 16. Nde2 Ne5 17. Nf4 Bf8 18. Nfd5 cxd5 19. Nxd5 Qd8 20. Bg5 Be7 21. Bxe7
Rxe7 22. f4 Nc6 23. Nf6+ Kh8 24. Qc3 Qa5 25. Qg3 Nd7 26. Rd5 Qa7+ 27. Kh1 Nxf6
28. Qc3 Kg7 29. Rxd6 Re6 30. e5 Rxd6 31. exd6 Qd4 0-1

[Event "Women's World Rapid Championship 2012"]
[Site "Batumi GEO"]
[Date "2012.06.03"]
[Round "10.7"]
[White "Zhao, Xue"]
[Black "Mkrtchian, Lilit"]
[Result "1-0"]
[WhiteTitle "GM"]
[BlackTitle "IM"]
[WhiteElo "2549"]
[BlackElo "2449"]
[WhiteFideId "8601283"]
[BlackFideId "13300601"]
[EventDate "2012.05.31"]

1. d4 d5 2. c4 e6 3. Nc3 Be7 4. Nf3 Nf6 5. Bg5 h6 6. Bxf6 Bxf6 7. Qc2 c5 8. dxc5
dxc4 9. e3 Qa5 10. Bxc4 Qxc5 11. Ne4 Qa5+ 12. Ke2 Be7 13. Rhd1 O-O 14. a3 Bd7
15. b4 Ba4 16. Bb3 Qb5+ 17. Ke1 Bxb3 18. Qxb3 a5 19. Nc3 Qb6 20. b5 a4 21. Qc4
Bf6 22. Rac1 Be7 23. Ke2 Bxa3 24. Ra1 Qc5 25. Qxc5 Bxc5 26. Rxa4 Rxa4 27. Nxa4
Be7 28. Rc1 Bd6 29. e4 Rd8 30. e5 Be7 31. g3 Kf8 32. Ke3 Ke8 33. Nd4 Nd7 34. f4
Ra8 35. Rc4 Bd8 36. Nb3 Nb6 37. Nxb6 Bxb6+ 38. Kd3 Rd8+ 39. Ke2 Rd5 40. Rc8+ Rd8
41. Rxd8+ Kxd8 42. Nd2 Kd7 43. Nc4 Bc5 44. Kf3 h5 45. h3 Ke7 46. Na5 Kd7 47.
Nxb7 Bb4 48. b6 f6 49. g4 hxg4+ 50. Kxg4 fxe5 51. fxe5 g6 52. Kf4 Kc6 53. Nd8+
Kxb6 54. Nxe6 Kc6 55. Ke4 Be7 56. Nf4 g5 57. Ne6 Kd7 58. Kf5 Kc6 59. Nxg5 Kd5
60. h4 Bf8 61. h5 Bg7 62. Nf7 Bf8 63. h6 1-0

[Event "Women's World Rapid Championship 2012"]
[Site "Batumi GEO"]
[Date "2012.06.03"]
[Round "10.8"]
[White "Gunina, Valentina"]
[Black "Zhukova, Natalia"]
[Result "0-1"]
[WhiteTitle "IM"]
[BlackTitle "GM"]
[WhiteElo "2530"]
[BlackElo "2442"]
[WhiteFideId "4167570"]
[BlackFideId "14101513"]
[EventDate "2012.05.31"]

1. d4 d5 2. c4 e6 3. Nc3 c5 4. cxd5 exd5 5. Nf3 Nc6 6. Bg5 f6 7. Bf4 g5 8. Bg3
g4 9. Nd2 cxd4 10. Nb5 Kf7 11. Qb3 a6 12. Nc7 Ra7 13. Rc1 Nge7 14. e4 dxe3 15.
fxe3 b5 16. Bxb5 axb5 17. Nxb5 Rd7 18. O-O Bg7 19. e4 Na5 20. Qe3 Ba6 21. a4
Bxb5 22. axb5 Re8 23. Qg5 Kg8 24. Qxg4 Ng6 25. h4 Bh6 26. Rcd1 Bxd2 27. Rxd2
Rxe4 28. Qf5 Nxh4 29. Bxh4 Rxh4 30. Qe6+ Kg7 31. Rd3 Rh6 32. Ra1 Nc4 33. Ra6 Qc7
34. Rg3+ Qxg3 35. Qxd7+ Kg6 36. Qe8+ Kf5 37. Qe6+ Kf4 38. Ra1 Qe3+ 39. Qxe3+
Kxe3 40. b3 Nb6 41. Re1+ Kd4 0-1

[Event "Women's World Rapid Championship 2012"]
[Site "Batumi GEO"]
[Date "2012.06.03"]
[Round "10.10"]
[White "Batsiashvili, Nino"]
[Black "Cramling, Pia"]
[Result "1/2-1/2"]
[WhiteTitle "WGM"]
[BlackTitle "GM"]
[WhiteElo "2436"]
[BlackElo "2478"]
[WhiteFideId "13602993"]
[BlackFideId "1700030"]
[EventDate "2012.05.31"]

1. d4 d5 2. c4 c6 3. Nf3 Nf6 4. e3 Bg4 5. h3 Bxf3 6. Qxf3 e6 7. Nc3 Nbd7 8. Bd3
Bd6 9. O-O O-O 10. e4 dxe4 11. Nxe4 Nxe4 12. Qxe4 g6 13. h4 Re8 14. Bg5 Be7 15.
Bxe7 Qxe7 16. Rfe1 Rad8 17. Rad1 Nf6 18. Qf4 Rd6 19. Bf1 Red8 20. Rd3 Nh5 21.
Qe4 Qf6 22. Red1 Qf4 23. Qxf4 Nxf4 24. R3d2 e5 25. g3 Ne6 26. d5 Nd4 27. Bg2
cxd5 28. cxd5 f6 29. f4 Kf7 30. fxe5 fxe5 31. Re1 Re8 32. Rd3 Rb6 33. b3 Ra6 34.
Rd2 Re7 35. g4 Rf6 36. Rf2 Rxf2 37. Kxf2 Nb5 38. g5 Kg7 39. Bh3 Kf8 40. Be6 Nc7
41. Rxe5 Nxd5 42. Rxd5 1/2-1/2

[Event "Women's World Rapid Championship 2012"]
[Site "Batumi GEO"]
[Date "2012.06.03"]
[Round "10.11"]
[White "Kosintseva, Tatiana"]
[Black "Wang, Jue"]
[Result "1-0"]
[WhiteTitle "GM"]
[WhiteElo "2532"]
[BlackElo "2364"]
[WhiteFideId "4133471"]
[BlackFideId "8604070"]
[EventDate "2012.05.31"]

1. e4 c5 2. Nf3 d6 3. d4 cxd4 4. Nxd4 Nf6 5. Nc3 a6 6. Be2 e6 7. O-O Be7 8. f4
Qc7 9. a4 Nc6 10. Nb3 b6 11. Be3 Bb7 12. g4 Nb4 13. Bf3 d5 14. e5 Ne4 15. Bd4
O-O 16. Qe2 Rac8 17. Rfc1 Nc6 18. Nxe4 dxe4 19. Bxe4 Rfd8 20. Bf2 Nb4 21. Bxb7
Qxb7 22. Nd4 Nd5 23. Qf3 Rc4 24. c3 Qc8 25. f5 Bg5 26. Re1 Be7 27. h3 Qd7 28.
Rf1 Rf8 29. a5 b5 30. Rad1 Qc8 31. Bg3 Bc5 32. Bf2 Qc7 33. Rde1 b4 34. Qd3 Ba7
35. Ne2 bxc3 36. bxc3 Nxc3 37. Ng3 Nd5 38. Bxa7 Rc3 39. Qd4 Rxg3+ 40. Kh2 Rc3
41. fxe6 fxe6 42. Rxf8+ Kxf8 43. Bb6 Qc6 44. Re2 Kg8 45. Rf2 Rc1 46. Kg3 Qc3+
47. Qxc3 Rxc3+ 48. Rf3 Rxf3+ 49. Kxf3 Kf7 50. Ke4 Ke8 51. Bf2 Kd7 52. Kd4 Kc6
53. Kc4 Nf4 54. h4 h5 55. gxh5 Nxh5 56. Kd4 Nf4 57. Ke4 Nd5 58. h5 Kb5 59. Be1
Kc4 60. Bd2 Ne7 61. Kf4 Nf5 62. Kg5 Kd5 63. Kg6 Ng3 64. Bf4 Nf5 65. Bc1 Kxe5 66.
Bb2+ Kd5 67. Bxg7 Kd6 68. Bf6 Kd5 69. Kg5 Kd6 70. Kf4 Kd5 71. Bb2 Nh6 72. Kg5
Nf5 73. Kf6 Nh6 74. Ke7 Nf5+ 75. Kf6 Nh6 76. Kg6 Nf5 77. Kg5 Kd6 78. Ba3+ Kd5
79. Kf6 Nh6 80. Bc1 Nf5 81. Bf4 Ke4 82. Bb8 Kd5 83. Bh2 Nh6 84. Ke7 e5 85. Bg1
e4 86. Kf6 Ng4+ 87. Kg5 Ne5 88. Kf5 Nf7 89. Be3 Nd6+ 90. Kf6 Ne8+ 91. Kg6 Ke6
92. h6 Nd6 93. h7 Nf7 94. Bc5 Ne5+ 95. Kg7 Nf7 96. Bd4 Ke7 97. Kg6 Ke6 98. Kg7
Ke7 99. Bc5+ Ke6 100. Be3 Ke7 101. Bd4 Ke6 102. Kf8 e3 103. Bxe3 Kf6 104. Bd4+
Ke6 105. Bc3 Kd5 1-0

[Event "Women's World Rapid Championship 2012"]
[Site "Batumi GEO"]
[Date "2012.06.03"]
[Round "10.12"]
[White "Arakhamia-Grant, Ketevan"]
[Black "Danielian, Elina"]
[Result "1-0"]
[WhiteTitle "GM"]
[BlackTitle "GM"]
[WhiteElo "2426"]
[BlackElo "2484"]
[WhiteFideId "13600168"]
[BlackFideId "13300210"]
[EventDate "2012.05.31"]

1. e4 c6 2. d4 d5 3. e5 Bf5 4. Nd2 e6 5. Nb3 Nd7 6. Nf3 h6 7. Be2 Ne7 8. a4 a6
9. a5 Qc7 10. O-O g5 11. Ne1 c5 12. c3 Nc6 13. Be3 c4 14. Nd2 Nxa5 15. g4 Bg6
16. Ng2 Nc6 17. f4 gxf4 18. Nxf4 Be7 19. Nxg6 fxg6 20. Qc2 Nf8 21. b3 Bg5 22.
Bxg5 hxg5 23. bxc4 O-O-O 24. c5 Nd7 25. Nf3 Rdf8 26. Qxg6 Nd8 27. Rf2 Kb8 28.
Raf1 Qa5 29. Qd3 Qc7 30. Nxg5 Rfg8 31. Nf7 Nxf7 32. Rxf7 Qd8 33. c6 Qh4 34. Qg3
bxc6 35. Qxh4 Rxh4 36. Rxd7 1-0

[Event "Women's World Rapid Championship 2012"]
[Site "Batumi GEO"]
[Date "2012.06.03"]
[Round "10.16"]
[White "Ding, Yixin"]
[Black "Pogonina, Natalija"]
[Result "0-1"]
[WhiteTitle "WGM"]
[BlackTitle "WGM"]
[WhiteElo "2353"]
[BlackElo "2447"]
[WhiteFideId "8602972"]
[BlackFideId "4147855"]
[EventDate "2012.05.31"]

1. e4 c5 2. Nf3 d6 3. d4 cxd4 4. Nxd4 Nf6 5. Nc3 g6 6. Be3 Bg7 7. f3 O-O 8. Qd2
Nc6 9. O-O-O d5 10. Kb1 Rb8 11. Ndb5 a6 12. Na7 e6 13. g4 Ra8 14. Qf2 d4 15.
Nxc6 dxe3 16. Rxd8 exf2 17. Ne7+ Kh8 18. Rxc8 Raxc8 19. Nxc8 Rxc8 20. Nd1 Rd8
21. Bd3 Nd7 22. Nxf2 Bd4 23. Nd1 Ne5 24. Be2 g5 25. h4 gxh4 26. Rxh4 Ng6 27. Rh2
Nf4 28. Bd3 Nxd3 29. cxd3 Be5 30. Rh5 f6 31. Kc2 b5 32. a3 Kg7 33. Nc3 Rc8 34.
Rh1 Kg6 35. Rd1 Bd4 36. f4 e5 37. fxe5 fxe5 38. Rf1 Kg5 39. Rf7 h6 40. Rg7+ Kf6
41. Rd7 Rc6 42. Kb3 Kg5 43. Ne2 Be3 44. Rg7+ Kh4 45. Re7 Kxg4 46. Rxe5 h5 47.
Re8 h4 48. Rg8+ Kf3 49. Ng1+ Bxg1 50. Rxg1 h3 51. a4 bxa4+ 52. Kxa4 h2 53. Rd1
Rh6 54. Ka5 h1=Q 55. Rxh1 Rxh1 56. b4 Ra1+ 57. Kb6 Ke3 58. e5 Kxd3 59. e6 Kc4 0-1

[Event "Women's World Rapid Championship 2012"]
[Site "Batumi GEO"]
[Date "2012.06.03"]
[Round "10.19"]
[White "Purtseladze, Maka"]
[Black "Socko, Monika"]
[Result "1-0"]
[WhiteTitle "IM"]
[BlackTitle "GM"]
[WhiteElo "2348"]
[BlackElo "2484"]
[WhiteFideId "13602659"]
[BlackFideId "1106619"]
[EventDate "2012.05.31"]

1. d4 Nf6 2. c4 g6 3. Nc3 Bg7 4. e4 d6 5. Nf3 O-O 6. Be2 e5 7. O-O Nc6 8. d5 Ne7
9. Be3 Ng4 10. Bg5 f6 11. Bc1 Kh8 12. h3 Nh6 13. Bd2 Nf7 14. b4 f5 15. Ng5 f4
16. Ne6 Bxe6 17. dxe6 Ng5 18. Bg4 h5 19. h4 hxg4 20. hxg5 f3 21. gxf3 gxf3 22.
Kh2 Qc8 23. Kg3 Qxe6 24. Rh1+ Kg8 25. Nd5 Nxd5 26. cxd5 Qd7 27. a4 Rac8 28. b5
c6 29. dxc6 bxc6 30. Be3 Rf7 31. bxc6 Rxc6 32. Qd5 Rc8 33. a5 Qd8 34. Rab1 Kf8
35. Rb3 Qd7 36. a6 Qc6 37. Rc1 Qxc1 38. Bxc1 Rxc1 39. Rb8+ Ke7 40. Rb7+ 1-0

[Event "Women's World Rapid Championship 2012"]
[Site "Batumi GEO"]
[Date "2012.06.03"]
[Round "10.20"]
[White "Matnadze, Ana"]
[Black "Charkhalashvili, Inga"]
[Result "1-0"]
[WhiteTitle "IM"]
[BlackTitle "WGM"]
[WhiteElo "2446"]
[BlackElo "2334"]
[WhiteFideId "13601377"]
[BlackFideId "13601431"]
[EventDate "2012.05.31"]

1. d4 Nf6 2. g3 d5 3. Bg2 c6 4. Nf3 Bf5 5. O-O e6 6. c4 Be7 7. Nc3 O-O 8. Qb3
Qc8 9. Bg5 Nbd7 10. Rac1 dxc4 11. Qxc4 h6 12. Bf4 Nb6 13. Qb3 Nbd5 14. Ne5 Nxc3
15. bxc3 Be4 16. f3 Bh7 17. e4 b6 18. c4 Nd7 19. Rfd1 Nxe5 20. Bxe5 Rd8 21. Bh3
Qa6 22. a4 Kh8 23. Bf1 Qa5 24. d5 cxd5 25. cxd5 Qb4 26. Qxb4 Bxb4 27. Rc7 f6 28.
Bb2 Bg8 29. e5 f5 30. d6 Bc5+ 31. Bd4 Bb4 32. Ba6 Kh7 33. Rdc1 Kg6 34. Re7 Bf7
35. Rcc7 Rf8 36. g4 Rae8 37. Rxa7 Rxe7 38. Rxe7 fxg4 39. fxg4 Kg5 40. Be2 Kf4
41. Rc7 Ke4 42. Rc4 Bd2 43. d7 Bg5 44. Bc5+ Kd5 1-0

[Event "Women's World Rapid Championship 2012"]
[Site "Batumi GEO"]
[Date "2012.06.03"]
[Round "10.21"]
[White "Janjghava, Natia"]
[Black "Kovalevskaya, Ekaterina"]
[Result "1/2-1/2"]
[WhiteTitle "WIM"]
[BlackTitle "IM"]
[WhiteElo "2306"]
[BlackElo "2417"]
[WhiteFideId "13600389"]
[BlackFideId "4116704"]
[EventDate "2012.05.31"]

1. Nf3 d5 2. d4 e6 3. c4 c5 4. Nc3 Nc6 5. Bg5 Be7 6. cxd5 exd5 7. Bxe7 Ngxe7 8.
e3 c4 9. Be2 O-O 10. O-O Rb8 11. e4 b5 12. exd5 Nxd5 13. Ne5 Nxe5 14. dxe5 Nxc3
15. bxc3 Be6 16. Qc2 Qc8 17. Bf3 Qc5 18. Rfe1 Rfd8 19. Re3 b4 20. Be4 g6 21. h4
b3 22. Qe2 Qe7 23. h5 Qd7 24. hxg6 hxg6 25. Rg3 Bf5 26. Qxc4 b2 27. Rb1 Kg7 28.
Rd3 Qe7 29. Bxf5 gxf5 30. Rxd8 Qxd8 31. Qd4 Qxd4 32. cxd4 f4 33. Kf1 Rb4 1/2-1/2

[Event "Women's World Rapid Championship 2012"]
[Site "Batumi GEO"]
[Date "2012.06.03"]
[Round "10.22"]
[White "Arabidze, Meri"]
[Black "Mikadze, Miranda"]
[Result "1/2-1/2"]
[WhiteTitle "WIM"]
[BlackTitle "WIM"]
[WhiteElo "2351"]
[BlackElo "2323"]
[WhiteFideId "13604040"]
[BlackFideId "13603108"]
[EventDate "2012.05.31"]

1. d4 d5 2. c4 c6 3. Nf3 Nf6 4. Nc3 dxc4 5. a4 Bf5 6. Ne5 Nbd7 7. Nxc4 Nb6 8.
Ne3 Be6 9. a5 Nbd5 10. Nexd5 Nxd5 11. e4 Nb4 12. Be3 Bd7 13. Be2 e6 14. O-O Be7
15. Qb3 O-O 16. Rfd1 Qc7 17. Na4 b6 18. Rac1 Qb7 19. Bf4 Rfd8 20. h3 Rac8 21.
Bf1 c5 22. dxc5 bxc5 23. a6 Qxe4 24. Be3 Rb8 25. Nxc5 Bxc5 26. Bxc5 Nxa6 27. Qe3
Nxc5 28. Qxc5 Qa8 29. Qe7 Be8 30. Rxd8 Rxd8 31. Rc7 a5 32. Ra7 Qd5 33. Bc4 Qxc4
34. Qxd8 Qc1+ 35. Kh2 Qf4+ 36. Kg1 Qc1+ 1/2-1/2

[Event "Women's World Rapid Championship 2012"]
[Site "Batumi GEO"]
[Date "2012.06.03"]
[Round "10.23"]
[White "Lomineishvili, Maia"]
[Black "Gurieli, Nino"]
[Result "1-0"]
[WhiteTitle "IM"]
[BlackTitle "IM"]
[WhiteElo "2366"]
[BlackElo "2329"]
[WhiteFideId "13600656"]
[BlackFideId "13600222"]
[EventDate "2012.05.31"]

1. d4 d6 2. e4 g6 3. Nc3 Bg7 4. f4 Nf6 5. Nf3 O-O 6. Bd3 Bg4 7. h3 Bxf3 8. Qxf3
Nc6 9. Be3 e5 10. dxe5 dxe5 11. O-O-O exf4 12. Bxf4 Nh5 13. Be3 Ne5 14. Qf2 Qf6
15. Rhf1 Nxd3+ 16. cxd3 Qa6 17. Bc5 Rfd8 18. Qxf7+ Kh8 19. Qc4 Qxc4 20. dxc4 b6
21. Be7 Rxd1+ 22. Rxd1 Nf4 23. Rd7 Ne6 24. Nd5 c6 25. Nc7 Nxc7 26. Rxc7 c5 27.
g4 Kg8 28. g5 h6 29. Bf6 Bf8 30. h4 hxg5 31. hxg5 1-0